Responses for Show #3495 - Friday, November 12, 1999

1999-B Teen Tournament final game 2.
From the Theater at Madison Square Garden, New York City.

Contestants

[<< previous game]

Chacko George, a junior from Slidell, Louisiana (subtotal of $7,800)

Kristi Jones, a junior from Warsaw, Ohio (subtotal of $8,500)

Emily Deveau, a junior from St. Johns, Michigan (subtotal of $2,500)

[next game >>]

Jeopardy! Round responses

LANGUAGES
VICE PRESIDENTS
THE FUTURE
KID TUNES
COUNTIES BY STATE
(Alex: We'll give you the counties, you identify the state.)
THE "PH" SCALE
    $100 4
Consonants

Chacko
    $100 18
Al Gore

Chacko
    $100 24
Latinos/Hispanics

Kristi
    $100 16
All the live long day

Emily
    $100 11
Connecticut

Chacko
    $100 1
Pharaoh

Chacko
    $200 7
German

Chacko
    $200 19
Thomas Jefferson

Emily
    $200 25
DVDs (Digital Video Discs)

Chacko
    $200 17
Happy

Chacko
    $200 12
California

Emily
    $200 2
Claustrophobia

Emily
    $300 8
Danish

Emily
    $300 21
Harry S. Truman

Chacko
    $300 26
International Space Station

Chacko
    $300 20
Alouette

Chacko
    $300 13
Florida

Emily
    $300 3
Dolphins

Kristi
    $400 9
Latin

Chacko
    $1,000 22
Andrew Johnson

Chacko
    $400 27
Japan

Emily
    $400 28
Sneeze

Chacko
    $400 14
(K: What is Wyoming?)

Montana

EmilyKristi
    $400 5
Philadelphia

Chacko
    $500 10
Indonesia

Chacko
    $500 23
Spiro Agnew

Chacko
    $500 29
Social Security

Kristi
    $500 30
"Pop Goes the Weasel"

Emily
    $500 15
Oregon

Triple Stumper
    $500 6
Phish Food

Emily

Scores at the first commercial break (after clue 15):

Emily Kristi Chacko
$1,900 -$100 $1,800

Scores at the end of the Jeopardy! Round:

Emily Kristi Chacko
$3,100 $500 $5,100

Double Jeopardy! Round responses

TEENS IN HISTORY
STORY PROBLEMS
FUHGEDDABOUDIT! IT'S BROOKLYN
THE DREADED SPELLING CATEGORY
(Alex: And yes, you must spell the correct response.)
BRITTANY
SPEARS
    $200 14
Joan of Arc

Emily
    $200 21
10

Emily
    $200 5
Coney Island

Chacko
    $200 4
(K: What is L-A-C-E-R-N-Y?)

L-A-R-C-E-N-Y

KristiChacko
    $200 1
(C: What are clams?)

Oysters

KristiChacko
    $200 22
Ice hockey

Chacko
    $400 15
Cleopatra

Chacko
    $400 30
93

Chacko
    $400 6
Mike Tyson

Chacko
    $400 10
(Chacko: [*].)
...
(Alex: Chacko, you forgot to put it in the form of a question, and we penalize you for that in Double Jeopardy!)

P-E-R-S-U-A-S-I-V-E

EmilyChacko
    $400 2
(C: What are the Germanic languages?)

Celtic

KristiChacko
    $400 23
Asparagus

Kristi
    $600 16
Wenceslas

Emily
    $500 29
(C: What is 28?)

56

Chacko
    $600 7
Long Island

Triple Stumper
    $600 11
(C: What is P-R-E-F-E-N-T-I-A-L?)

P-R-E-F-E-R-E-N-T-I-A-L

EmilyChacko
    $600 3
Paul Gauguin

Emily
    $600 24
Bayonet

Chacko
    $800 17
Rasputin

Kristi
    $800 27
14 feet

Chacko
    $1,000 8
Holland (the Netherlands)

Chacko
    $800 12
N-O-N-C-H-A-L-A-N-T

Emily
    $800 19
(C: Who was Champlain?)

Jacques Cartier

EmilyChacko
    $800 25
Harpoon

Emily
    $1000 18
Spain

Emily
    $1000 28
87,000

Chacko
    $1000 9
(E: Who is Rockefeller?)

Chuck Schumer

Emily
Triple Stumper
    $1000 13
P-A-R-A-P-S-Y-C-H-O-L-O-G-Y

Emily
    $1000 20
(K: What is end...what is finish?)

Land's end

KristiChacko
    $1000 26
(about a minute to go...)

Macedonia

Chacko

Scores at the end of the Double Jeopardy! Round:

Emily Kristi Chacko
$9,100 $1,100 $9,400

[wagering suggestions for these scores]

Final Jeopardy! Round responses

HISTORIC QUOTES
(Alex: The celebrities will be here next week... see you then!)
[In the closing credits, Chacko runs out to the front of the Theater and receives the keys to his brand new car.]
KristiWho was John Brown?
$1,100
EmilyWho was John Brown
$2,000
ChackoWho was John Brown?
$3,501
John Brown

Final scores:

Emily Kristi Chacko
$11,100 $2,200 $12,901

Cumulative scores:

Emily Kristi Chacko
$13,600 $10,700 $20,701
1st runner-up: $15,000 2nd runner-up: $10,700 Tournament champion: $25,000 + a 2000 Chevy Cavalier Z24

Game dynamics:

Coryat scores:

Emily Kristi Chacko
$9,100 $1,100 $9,100
21 R,
1 W
7 R,
3 W
28 R
(including 2 DDs),
6 W
(including 1 DD)

Combined Coryat: $19,300

[game clues] [game scores] [suggest correction]

Game tape date: 1999-10-09
The J! Archive is created by fans, for fans. Scraping, republication, monetization, and malicious use prohibited; this site may use cookies and collect identifying information. See terms. The Jeopardy! game show and all elements thereof, including but not limited to copyright and trademark thereto, are the property of Jeopardy Productions, Inc. and are protected under law. This website is not affiliated with, sponsored by, or operated by Jeopardy Productions, Inc. Join the discussion at JBoard.tv.